Uplatnenie marketingu vo vzťahu k distribúcii a jej postavenie v marketingovom mixe vysokej školy

Východiská marketingu a jeho využitie v sektore vysokých škôl. Strategické prístupy k uplatňovaniu marketingu vysokej školy. Podstata a špecifiká marketingového mixu vysokej školy.

Uložené v:
Podrobná bibliografia
Hlavný autor: Hanuláková, Eva, 1964-
Ďalší autori: Kováčiková, Ivana
Médium: Kapitola
Jazyk:Slovak
Predmet:
Tagy: Pridať tag
Žiadne tagy, Buďte prvý, kto otaguje tento záznam!

MARC

LEADER 00000naa$a2200000$$$4500
001 0086023
005 20240502071957.6
041 0 |a slo 
044 |a SK 
245 1 0 |a Uplatnenie marketingu vo vzťahu k distribúcii a jej postavenie v marketingovom mixe vysokej školy  |c Eva Hanuláková, Ivana Kováčiková 
520 |a Východiská marketingu a jeho využitie v sektore vysokých škôl. Strategické prístupy k uplatňovaniu marketingu vysokej školy. Podstata a špecifiká marketingového mixu vysokej školy. 
610 2 0 |a marketing 
610 2 0 |a stratégia marketingová 
610 2 0 |a marketing mix 
610 2 0 |a plánovanie strategické 
610 2 0 |a komunikácia marketingová 
610 2 0 |a personál 
610 2 0 |a vzdelávanie vysokoškolské 
610 2 0 |a školy vysoké 
100 1 |a Hanuláková, Eva, 1964- 
700 1 |a Kováčiková, Ivana